000 00545nam a22002177a 4500
003 UA-OsUOA
001 67094
007 ta
008 20100210b un ||||| |||| 00| 0 ukr d
100 _aРомановсий Н.В.
090 _a32
_bР69
942 _cSA
040 _aUA-OsUOA
_brus
_cUA-OsUOA
_dUA-OsUOA
245 _aСовременная социология: детерминанты перемен
300 _aС.26-36
955 _a0
041 _arus
080 _a32
773 0 _w67093
650 7 _a32 Політика
_2UDC
999 _c353206
_d353206